Fisiología obstétrica / (Record no. 138021)

MARC details
000 -LEADER
campo de control de longitud fija 00519nam a2200181 4500
001 - NÚMERO DE CONTROL
campo de control 138021
003 - IDENTIFICADOR DE NÚMERO DE CONTROL
campo de control ES-MaACL
007 - CAMPO FIJO DE DESCRIPCIÓN FÍSICA--INFORMACIÓN GENERAL
campo de control de longitud fija t|
008 - DATOS DE LONGITUD FIJA--INFORMACIÓN GENERAL
campo de control de longitud fija 070214s1942 sp r ||||1| spa d
100 1# - ENTRADA PRINCIPAL--NOMBRE DE PERSONA
Nombre de persona Sánchez López, Arcadio.
9 (RLIN) 102727
245 10 - MENCIÓN DEL TÍTULO
Título Fisiología obstétrica /
Mención de responsabilidad, etc. Arcadio Sánchez López.
260 ## - PUBLICACIÓN, DISTRIBUCIÓN, ETC.
Lugar de publicación, distribución, etc. Madrid :
Nombre del editor, distribuidor, etc. Haz,
Fecha de publicación, distribución, etc. 1942.
300 ## - DESCRIPCIÓN FÍSICA
Extensión 808 p. ;
Dimensiones 26 cm.
490 1# - MENCIÓN DE SERIE
Mención de serie Lecciones de Obstetricia
830 0# - PUNTO DE ACCESO ADICIONAL DE SERIE-TÍTULO UNIFORME
Título uniforme Lecciones de Obstetricia
9 (RLIN) 220134
852 ## - LOCALIZACIÓN
Ubicación ES-MaACL
Número de control de estantería E-547
Sublocalización o colección R.19867
Holdings
Estatus retirado Estado de pérdida Estado de daño No para préstamo Biblioteca de origen Biblioteca actual Ubicación en estantería Fecha de adquisición Fuente de adquisición Total de préstamos Signatura topográfica completa Código de barras Visto por última vez Precio de reemplazo Tipo de ítem Koha
        Biblioteca del Ateneo de Madrid Biblioteca del Ateneo de Madrid Depósito 2 17/01/2008     E-547 1143623 23/02/2023 23/02/2023 Libro impreso